000 00750nam a22002537a 4500
003 DO-SdBNP
005 20180216143154.0
008 160718 1993 sp a spa d
020 _a8434813025
040 _aBPMSU
_bspa
_cBPMSU
082 0 4 _axxxxxx
_bxxxxxx
100 1 _aZavrel, Stêpán
240 1 _aGrossvater Thomas
245 1 3 _aEl abuelo Tomás /
_cStêpán Zavrel ; traducción Marinella Terzi
250 _a4a. ed.
260 _aMadrid :
_bSM,
_c1993.
300 _a[24] p. :
_bil. ;
_c30 cm.
490 0 _aCuentos de la torre y la estrella
_v12
700 1 2 _aTerzi, Marinella
_etrad.
830 0 _aCuentos de la torre y la estrella
_n12
942 _2ddc
_cBK
945 _aInventariado, 2018 / BT
956 _2YLOCKWARD
_310
_8BPMSU
_a00144
999 _c12512
_d12512